000 01508nam a2200361 a 4500
001 ebr10674906
003 CaPaEBR
006 m u
007 cr cn|||||||||
008 091029s2009 nyu sb 001 0 eng d
010 _z 2009279468
020 _z9781607411956 (pbk.)
020 _z1607411954 (pbk.)
020 _z9781617283642 (e-book)
040 _aCaPaEBR
_cCaPaEBR
035 _a(OCoLC)662456951
043 _an-us---
050 1 4 _aKF3812.2
_b.D47 2009eb
082 0 4 _a344.73046
_222
245 0 0 _aDesigning greenhouse gas reduction and regulatory systems
_h[electronic resource] /
_cSonja Enden, editor.
260 _aNew York :
_bNova Science Publishers,
_c2009.
300 _aviii, 79 p.
490 1 _aClimate change and its causes, effects and prediction series
500 _a"Edited, excerpted and augmented" from reports prepared for the Congress.
504 _aIncludes bibliographical references and index.
533 _aElectronic reproduction.
_bPalo Alto, Calif. :
_cebrary,
_d2013.
_nAvailable via World Wide Web.
_nAccess may be limited to ebrary affiliated libraries.
650 0 _aGreenhouse gas mitigation
_xLaw and legislation
_zUnited States.
655 7 _aElectronic books.
_2local
700 1 _aEnden, Sonja.
710 2 _aebrary, Inc.
830 0 _aClimate change and its causes, effects, and prediction series.
856 4 0 _uhttp://site.ebrary.com/lib/rucke/Doc?id=10674906
_zAn electronic book accessible through the World Wide Web; click to view
999 _c163775
_d163775